Biodiversity, traditional knowledge and rights of indigenus peoples (Registro nro. 4106)

Detalles MARC
000 -CABECERA
Campo de control 00736nam a2200217 a 4500
005 - FECHA Y HORA DE LA ULTIMA TRANSACCION
Campo de control 20191224041724.0
008 - ELEMENTOS DE LONGITUD FIJA—INFORMACION GENERAL
Campo de control 160202s2003 my fr|||| 000 0 eng d
020 ## - ISBN
ISBN 9832729246
040 ## - FUENTE DE CATALOGACIÓN
Agencia catalogadora original CO-BoIAVH
Agencia transcriptora CO-BoIAVH
041 0# - IDIOMA
Código de idioma para texto/pista de sonido o título separado Inglés
082 04 - NUMERO DE CLASIFICACION DECIMAL DEWEY
Número de clasificación 340.52
Número del ítem T22b
100 1# - ASIENTO PRINCIPAL--NOMBRE PERSONAL
Nombre personal Tauli-Corpuz, Victoria
9 (RLIN) 56597
245 10 - MENCION DE TITULO
Título Biodiversity, traditional knowledge and rights of indigenus peoples
260 ## - PUBLICACION, DISTRIBUCION, ETC. (PIE DE IMPRENTA)
Lugar de publicación, distribución, etc. Penang :
Nombre del editor, distribuidor, etc. Third World Network,
Fecha de publicación, distribución, etc. 2003.
300 ## - DESCRIPCION FISICA
Extensión 42 páginas ;
Dimensiones 24 x 17 cm.
650 #6 - ASIENTO SECUNDARIO DE MATERIA - TERMINO TEMATICO
Término temático o nombre geográfico como elemento de entrada Conocimiento tradicional
9 (RLIN) 92244
650 #6 - ASIENTO SECUNDARIO DE MATERIA - TERMINO TEMATICO
Término temático o nombre geográfico como elemento de entrada Protección del conocimiento tradicional
9 (RLIN) 4676
650 #6 - ASIENTO SECUNDARIO DE MATERIA - TERMINO TEMATICO
Término temático o nombre geográfico como elemento de entrada Protección de derechos de propiedad intelectual - TRIPS
9 (RLIN) 20324
650 #6 - ASIENTO SECUNDARIO DE MATERIA - TERMINO TEMATICO
Término temático o nombre geográfico como elemento de entrada Grupos indígenas
9 (RLIN) 16896
942 ## - ELEMENTOS ADICIONALES (KOHA)
Tipo de ítem Libro
Sistema de clasificación Dewey Decimal Classification
Existencias
Withdrawn status Lost status Sistema de Clasificación Damaged status No para préstamo Colección Inventariado Ubicación Permanente Ubicación actual Fecha de adquisición Fuente de Valor Total Checkouts Número topográfico Inventario / Código de Barras Date last seen Ejemplar Price effective from Tipo de material
    Dewey Decimal Classification     General Inventariado 2017 Bogotá Bogotá 02/02/2016 Amazon   340.52 T22b 016523 02/02/2016 Ej. 1 02/02/2016 Libro